Seventh Day (Record no. 2990)

MARC details
000 -LEADER
fixed length control field 00580nam a2200241 a 4500
020 ## - INTERNATIONAL STANDARD BOOK NUMBER
ISBN
082 00 - DEWEY DECIMAL CLASSIFICATION NUMBER
Classification number 956.94052
Author Cutter NEA
100 ## - MAIN ENTRY--AUTHOR NAME
Author name Near, Henry
245 ## - TITLE STATEMENT
Title Seventh Day
Sub title Soldiers` Talk About the Six Day War
260 ## - PUBLICATION, DISTRIBUTION, ETC. (IMPRINT)
Place of publication London
Name of publisher Penguin Book
Year of publication 1974
300 ## - PHYSICAL DESCRIPTION
Number of Pages 316p
500 ## - GENERAL NOTE
General note includes index and biblioraphy
505 2# - FORMATTED CONTENTS NOTE
Formatted contents note glossary
650 ## - SUBJECT ADDED ENTRY--TOPICAL TERM
Topical Term Israel
942 ## - ADDED ENTRY ELEMENTS (KOHA)
Koha item type Books
700 1# -
-- Near, Henry
Holdings
Collection code Home library Current library Date acquired Cost, normal purchase price Full call number Accession Number Koha item type
  Henry Martyn Institute Library Henry Martyn Institute Library 05/30/2007 100.00 956.94052 NEA 08919 Books
                   Copyright © 2026 | Henry Martyn Institute | Hyderabad | TS-500052 | INDIA | Implemented by hmi.edu.in
Hit-Count:

Powered by Koha